000
00263nam a22001217a 4500
003
OSt
008
210127b ||||| |||| 00| 0 eng d
041
_a
eng
082
_a
891.7
_b
DOS/ID
100
_a
Dostoyovsky, Fyodor
_9
6158
245
_a
The Idiot /
942
_c
BK
999
_c
16932
_d
16932